000 00418nam a22001817a 4500
003 MPLRDC
005 20220104113736.0
008 210129b ||||| |||| 00| 0 eng d
082 _a848.1 LS-2 c.4
100 _a老舍著
245 _a猫城记
_c
250 _a初版
260 _a
_b辅新书局
_c1989
300 _b
490 _a中国名家系列
650 _a现代别集
942 _cBK
_o848.1 LS-2 c.4
999 _c1999
_d1989